000 00310nam a2200133Ia 4500
008 231129s1980||||xx |||||||||||||| ||spa||
040 _bspa
082 _a366 G536s
100 _aGitlitz Peter
245 0 _aLas sociedades secretas
260 _c1980
264 _aCí­rculo de Lectores
942 _2ddc
_cBKS
999 _c18969
_d18969